• 首页
  • 本馆介绍
  • 公告通知
  • 最新文献
  • 馆藏检索
  • 电子资源
  • 读者导购
  • 参考咨询
  • 我的图书馆
  • 登录
  • 详细信息显示
  • 放入我的书架
  • 预约/预借图书
  • 作者相关作品
  • 分类相关作品
  • 丛书相关作品
  • 出版社相关作品

书目信息

  • 表格格式
  • 工作单格式
  • 卡片格式
题名:
CMOS数字集成电路
    
 
作者: Kang , Leblebici , Kim 著 ;王志功 , 窦建华 译
分册:  
出版信息: 北京   电子工业出版社  2020.3
页数: 10,472页
开本: 26cm
丛书名:
单 册:
中图分类: TN432
科图分类:
主题词: CMOS电路--电路分析--教材 , CMOS电路--电路设计--教材
电子资源:
ISBN: 978-7-121-24987-7
000 01560nam0 2200361 45
001 012001002279
005 20211013162423.53
010    @a978-7-121-24987-7@dCNY99.00
100    @a20150605d2015 em y0chiy50 ea
101 0  @achi@amul
102    @aCN@b110000
105    @ay z 000yy
106    @ar
200 1  @aCMOS数字集成电路@ACMOS shu zi ji cheng dian lu@b专著@dCMOS digital integrated circuits@e分析与设计@eanalysis and design@f(美)Sung-Mo Kang,(瑞士)Yusuf Leblebici,(韩)Chulwoo Kim著@g王志功,窦建华等译@zeng
205    @a2版
210    @a北京@c电子工业出版社@d2020.3
215    @a10,472页@d26cm
300    @a国外电子与通信教材系列
300    @a并列题名:CMOS digital integrated circuits
305    @a据原书第4版译出
306    @a与麦格劳-希尔(亚洲)教育出版公司合作出版
330    @a本书共15章。第1-8章详细讨论MOS晶体管的相关特性和工作原理、基本反相器电路设计、组合逻辑电路及时序逻辑电路的结构与工作原理;第9-13章主要介绍应用于先进VLSI芯片设计的动态逻辑电路、先进的半导体存储电路、低功耗CMOS逻辑电路、数字运算和转换电路、芯片的I/O设计;第14和15章分别讨论电路的可制造性设计和可测试性设计这两个重要问题。
510 1  @aCMOS digital integrated circuits@eanalysis and design@zeng
606 0  @aCMOS电路@x电路分析@j教材
606 0  @aCMOS电路@x电路设计@j教材
690    @aTN432@v5
701  0 @c(美)@aKang@4著
701  0 @c(瑞士)@aLeblebici@4著
701  0 @c(韩)@aKim@4著
702  0 @a王志功@Awang zhi gong@4译
702  0 @a窦建华@Adou jian hua@4译
801  0 @aCN@bBJSDL@c20211011
905    @b1339115-8@dTN432@e216=2@f4
    
    CMOS数字集成电路=CMOS digital integrated circuits:分析与设计:analysis and design/(美)Sung-Mo Kang,(瑞士)Yusuf Leblebici,(韩)Chulwoo Kim著/王志功,窦建华等译.-2版.-北京:电子工业出版社,2020.3
    10,472页;26cm
    国外电子与通信教材系列.-并列题名:CMOS digital integrated circuits
    
    ISBN 978-7-121-24987-7:CNY99.00
    本书共15章。第1-8章详细讨论MOS晶体管的相关特性和工作原理、基本反相器电路设计、组合逻辑电路及时序逻辑电路的结构与工作原理;第9-13章主要介绍应用于先进VLSI芯片设计的动态逻辑电路、先进的半导体存储电路、低功耗CMOS逻辑电路、数字运算和转换电路、芯片的I/O设计;第14和15章分别讨论电路的可制造性设计和可测试性设计这两个重要问题。
●
相关链接 在E读中查询图书 在五车中查询图书 在当当中查询图书 在豆瓣中查询图书


正题名:CMOS数字集成电路     索取号:TN432/216=2         预约/预借

序号 登录号 条形码 馆藏地/架位号 状态 备注
1 1339115   213391159   第二样本阅览室/ [索取号:TN432/216=2] 在馆    
2 1339116   213391168   第三借阅区/ [索取号:TN432/216=2] 在馆    
3 1339117   213391177   第三借阅区/ [索取号:TN432/216=2] 在馆    
4 1339118   213391186   第三借阅区/ [索取号:TN432/216=2] 在馆    
唐山师范学院图书馆 欢迎您!
大连网信软件有限公司© 版权所有